| 000 | 00893nam a22002657a 4500 | ||
|---|---|---|---|
| 001 | 32333 | ||
| 003 | UA-OsUOA | ||
| 005 | 20201130211449.0 | ||
| 007 | ta | ||
| 008 | 20050131b un ||||| |||| 00| 0 ukr d | ||
| 020 | _a5-7707-23-13-0 | ||
| 040 |
_aUA-OsUOA _bukr _cUA-OsUOA _dUA-OsUOA |
||
| 041 | _aukr | ||
| 044 | _aUA | ||
| 080 | _a94(477) | ||
| 090 |
_a94(477) _bС41 |
||
| 100 | _aСічинський В. | ||
| 245 |
_aЧужинці про Україну _bвибір з описів подорожей по Україні та інших писань чужинців про Україну за десять століть |
||
| 260 |
_aК. _bДовіра _c1992 |
||
| 300 | _a256 с. | ||
| 650 | 7 |
_a9 Географія. Біографії. Історія _2UDC |
|
| 942 |
_cBK _2udc |
||
| 955 | _a3 | ||
| 999 |
_c318775 _d318775 |
||